| 000 | 006160000a22001690004500 | ||
|---|---|---|---|
| 090 |
_aAR _b01407 |
||
| 245 | 1 | 0 | _aComunidad de pequeños mamíferos y preferencia de hábitat en el parque Nacional Natural Chingaza (<cordillera oriental, Colombia>) |
| 650 | 1 | 4 |
_aPáramos _992513 |
| 650 | 1 | 4 |
_aHábitat animal _994646 |
| 650 | 1 | 4 |
_aEcología de poblaciones _93557 |
| 650 | 1 | 4 |
_aDinámica poblacional _9608 |
| 651 | 4 |
_lParque Nacional Natural Chingaza _dCundinamarca _pColombia _992749 |
|
| 041 | 0 | _aEspañol | |
| 100 | 1 |
_aValbuena López, María Saralux _96024 |
|
| 942 | _cARTICULO | ||
| 773 | 1 |
_tPreprint _33 _q1-26 _d1995? |
|
| 999 |
_c10491 _d10491 |
||